Press and parliament (Record no. 523389)

000 -LEADER
fixed length control field 00420nam a22001337a 4500
008 - FIXED-LENGTH DATA ELEMENTS--GENERAL INFORMATION
fixed length control field 230816b ||||| |||| 00| 0 eng d
100 ## - MAIN ENTRY--PERSONAL NAME
Personal name Grover, A.N.
245 ## - TITLE STATEMENT
Title Press and parliament
260 ## - PUBLICATION, DISTRIBUTION, ETC. (IMPRINT)
Place of publication, distribution, etc Journal of Constitutional and Parliamentary Studies
300 ## - PHYSICAL DESCRIPTION
Extent 54(1-4), Jan-Dec, 2020: p.128-148
773 ## - HOST ITEM ENTRY
Main entry heading Journal of Constitutional and Parliamentary Studies
906 ## - LOCAL DATA ELEMENT F, LDF (RLIN)
Subject DIP PARLIAMENT
942 ## - ADDED ENTRY ELEMENTS (KOHA)
Item type Articles
Holdings
Withdrawn status Lost status Source of classification or shelving scheme Damaged status Not for loan Permanent location Current location Date acquired Serial Enumeration / chronology Barcode Date last seen Koha item type
          Indian Institute of Public Administration Indian Institute of Public Administration 2023-08-16 54(1-4), Jan-Dec, 2020: p.128-148 AR129354 2023-08-16 Articles

Powered by Koha